[Event "DEM U12w 2023"]
[Site "Willingen GER"]
[Date "2023.05.28"]
[Round "2"]
[White "Rutschmann, Polly"]
[Black "Mehner, Clara"]
[Result "0-1"]
[Termination "normal"]
[Board "14"]
[WhiteElo "1023"]
[BlackElo "1250"]
[WhiteClock "01:06:33"]
[BlackClock "00:28:50"]
[PlyCount "100"]
[WhiteFideId "34621261"]
[BlackFideId "34612165"]
[EventCountry "GER"]
[EventRounds "9"]
[EventType "swiss"]
[EventDate "2023.05.27"]

1. e4 {[%clk 01:30:54]} {[%emt 00:00:05]} e6 {[%clk 01:30:48]} {[%emt
00:00:13]} 2. d4 {[%clk 01:30:58]} {[%emt 00:00:25]} d5 {[%clk 01:31:13]}
{[%emt 00:00:06]} 3. exd5 {[%clk 01:31:04]} {[%emt 00:00:23]} exd5 {[%clk
01:31:37]} {[%emt 00:00:07]} 4. Nf3 {[%clk 01:31:13]} {[%emt 00:00:20]} Bd6
{[%clk 01:31:41]} {[%emt 00:00:27]} 5. Bd3 {[%clk 01:31:25]} {[%emt 00:00:18]}
Ne7 {[%clk 01:31:48]} {[%emt 00:00:24]} 6. O-O {[%clk 01:29:24]} {[%emt
00:00:20]} O-O {[%clk 01:32:02]} {[%emt 00:02:26]} 7. Re1 {[%clk 01:27:45]}
{[%emt 00:02:06]} Bf5 {[%clk 01:31:49]} {[%emt 00:00:46]} 8. Bg5 {[%clk
01:27:25]} {[%emt 00:00:49]} f6 {[%clk 01:31:57]} {[%emt 00:00:23]} 9. Bh4
{[%clk 01:27:36]} {[%emt 00:00:18]} c6 {[%clk 01:29:06]} {[%emt 00:03:23]} 10.
c3 {[%clk 01:27:22]} {[%emt 00:00:42]} Qb6 {[%clk 01:27:36]} {[%emt 00:02:01]}
11. b3 {[%clk 01:23:15]} {[%emt 00:04:35]} Na6 {[%clk 01:21:36]} {[%emt
00:06:32]} 12. Qc2 {[%clk 01:21:22]} {[%emt 00:02:21]} Bxd3 {[%clk 01:19:39]}
{[%emt 00:02:28]} 13. Qxd3 {[%clk 01:21:19]} {[%emt 00:00:32]} Qc7 {[%clk
01:10:38]} {[%emt 00:09:33]} 14. Nbd2 {[%clk 01:19:12]} {[%emt 00:02:36]} Ng6
{[%clk 01:07:46]} {[%emt 00:03:23]} 15. Bg3 {[%clk 01:17:24]} {[%emt 00:02:15]}
Bxg3 {[%clk 01:03:10]} {[%emt 00:05:09]} 16. hxg3 {[%clk 01:17:08]} {[%emt
00:00:40]} Rae8 {[%clk 01:00:08]} {[%emt 00:03:38]} 17. Rxe8 {[%clk 01:15:53]}
{[%emt 00:01:44]} Rxe8 {[%clk 01:00:32]} {[%emt 00:00:08]} 18. Re1 {[%clk
01:15:29]} {[%emt 00:00:49]} Rxe1+ {[%clk 00:57:52]} {[%emt 00:03:14]} 19. Nxe1
{[%clk 01:15:33]} {[%emt 00:00:25]} Qd7 {[%clk 00:54:29]} {[%emt 00:03:55]} 20.
Nef3 {[%clk 01:12:47]} {[%emt 00:03:03]} Qg4 {[%clk 00:51:43]} {[%emt
00:03:29]} 21. Qe3 {[%clk 01:09:25]} {[%emt 00:03:50]} Nc7 {[%clk 00:50:31]}
{[%emt 00:01:45]} 22. Nh2 {[%clk 01:08:17]} {[%emt 00:01:35]} Qd1+ {[%clk
00:46:17]} {[%emt 00:04:47]} 23. Nhf1 {[%clk 01:07:12]} {[%emt 00:01:34]} Qc1
{[%clk 00:44:10]} {[%emt 00:02:37]} 24. Nf3 {[%clk 01:06:32]} {[%emt 00:01:10]}
Qc2 {[%clk 00:39:16]} {[%emt 00:05:25]} 25. Qd2 {[%clk 01:04:10]} {[%emt
00:02:47]} Qe4 {[%clk 00:35:26]} {[%emt 00:04:25]} 26. Qb2 {[%clk 00:55:30]}
{[%emt 00:09:10]} f5 {[%clk 00:33:48]} {[%emt 00:02:08]} 27. N1d2 {[%clk
00:54:54]} {[%emt 00:01:05]} Qe6 {[%clk 00:32:19]} {[%emt 00:01:59]} 28. Qa3
{[%clk 00:53:02]} {[%emt 00:02:22]} Nb5 {[%clk 00:29:41]} {[%emt 00:03:08]} 29.
Qb2 {[%clk 00:52:07]} {[%emt 00:01:24]} f4 {[%clk 00:27:04]} {[%emt 00:03:09]}
30. gxf4 {[%clk 00:51:38]} {[%emt 00:00:59]} Nxf4 {[%clk 00:27:16]} {[%emt
00:00:18]} 31. a4 {[%clk 00:50:16]} {[%emt 00:01:52]} Qg4 {[%clk 00:22:08]}
{[%emt 00:05:38]} 32. Ne1 {[%clk 00:49:39]} {[%emt 00:01:06]} Nd6 {[%clk
00:21:04]} {[%emt 00:01:35]} 33. c4 {[%clk 00:47:13]} {[%emt 00:02:56]} Qd1
{[%clk 00:17:46]} {[%emt 00:03:47]} 34. Ndf3 {[%clk 00:46:41]} {[%emt
00:01:02]} dxc4 {[%clk 00:16:55]} {[%emt 00:01:22]} 35. bxc4 {[%clk 00:46:54]}
{[%emt 00:00:15]} Qxa4 {[%clk 00:14:58]} {[%emt 00:02:28]} 36. c5 {[%clk
00:45:07]} {[%emt 00:02:18]} Nb5 {[%clk 00:12:14]} {[%emt 00:03:15]} 37. g3
{[%clk 00:44:51]} {[%emt 00:00:44]} Ne6 {[%clk 00:11:44]} {[%emt 00:00:57]} 38.
Nc2 {[%clk 00:44:05]} {[%emt 00:01:19]} Qc4 {[%clk 00:09:24]} {[%emt 00:02:47]}
39. Ne5 {[%clk 00:40:59]} {[%emt 00:03:39]} Qd5 {[%clk 00:06:19]} {[%emt
00:03:36]} 40. Nd3 {[%clk 00:38:46]} {[%emt 00:02:42]} Nexd4 {[%clk 00:04:23]}
{[%emt 00:02:28]} 41. Nxd4 {[%clk 00:38:22]} {[%emt 00:00:53]} Qxd4 {[%clk
00:04:04]} {[%emt 00:00:50]} 42. Qxd4 {[%clk 00:38:25]} {[%emt 00:00:26]} Nxd4
{[%clk 00:04:25]} {[%emt 00:00:11]} 43. Kf1 {[%clk 00:38:27]} {[%emt 00:00:25]}
Kf7 {[%clk 00:04:09]} {[%emt 00:00:47]} 44. Ke1 {[%clk 00:38:42]} {[%emt
00:00:14]} Ke6 {[%clk 00:03:48]} {[%emt 00:00:53]} 45. Kd2 {[%clk 00:38:56]}
{[%emt 00:00:15]} Kd5 {[%clk 00:03:28]} {[%emt 00:00:50]} 46. Kc3 {[%clk
00:39:06]} {[%emt 00:00:19]} Ne6 {[%clk 00:03:35]} {[%emt 00:00:24]} 47. Kb4
{[%clk 00:38:33]} {[%emt 00:01:04]} Kd4 {[%clk 00:03:44]} {[%emt 00:00:21]} 48.
Nb2 {[%clk 00:38:25]} {[%emt 00:00:36]} Nxc5 {[%clk 00:04:03]} {[%emt
00:00:13]} 49. Ka3 {[%clk 00:38:00]} {[%emt 00:00:55]} Ne4 {[%clk 00:29:07]}
{[%emt 00:05:26]} 50. f4 {[%clk 01:06:33]} {[%emt 00:01:56]} Nxg3 {[%clk
00:28:50]} {[%emt 00:00:48]} 0-1

[Event "DEM U12w 2023"]
[Site "Willingen GER"]
[Date "2023.05.28"]
[Round "2"]
[White "Baihaghi, Aryana"]
[Black "Börner, Emma Charlotte"]
[Result "0-1"]
[Termination "normal"]
[Board "16"]
[WhiteElo "1334"]
[BlackElo "990"]
[WhiteClock "00:19:17"]
[BlackClock "00:33:12"]
[PlyCount "102"]
[WhiteFideId "34604960"]
[BlackFideId "34637907"]
[EventCountry "GER"]
[EventRounds "9"]
[EventType "swiss"]
[EventDate "2023.05.27"]

1. e4 {[%clk 01:30:57]} {[%emt 00:00:02]} c5 {[%clk 01:30:53]} {[%emt
00:00:07]} 2. Nf3 {[%clk 01:31:12]} {[%emt 00:00:15]} Nc6 {[%clk 01:31:06]}
{[%emt 00:00:17]} 3. d4 {[%clk 01:29:30]} {[%emt 00:02:12]} cxd4 {[%clk
01:31:12]} {[%emt 00:00:24]} 4. Nxd4 {[%clk 01:29:45]} {[%emt 00:00:15]} Nf6
{[%clk 01:31:25]} {[%emt 00:00:17]} 5. Nc3 {[%clk 01:29:24]} {[%emt 00:00:51]}
d6 {[%clk 01:30:57]} {[%emt 00:00:58]} 6. Bc4 {[%clk 01:25:48]} {[%emt
00:04:05]} a6 {[%clk 01:31:04]} {[%emt 00:00:24]} 7. Nxc6 {[%clk 01:24:27]}
{[%emt 00:01:50]} bxc6 {[%clk 01:31:11]} {[%emt 00:00:24]} 8. Bf4 {[%clk
01:23:26]} {[%emt 00:01:29]} e5 {[%clk 01:30:25]} {[%emt 00:01:18]} 9. Bg3
{[%clk 01:19:55]} {[%emt 00:04:00]} Be7 {[%clk 01:30:12]} {[%emt 00:00:44]} 10.
O-O {[%clk 01:19:59]} {[%emt 00:00:27]} O-O {[%clk 01:27:48]} {[%emt 00:02:54]}
11. Bb3 {[%clk 01:19:38]} {[%emt 00:00:51]} Qc7 {[%clk 01:26:19]} {[%emt
00:01:57]} 12. f4 {[%clk 01:09:05]} {[%emt 00:11:04]} Ng4 {[%clk 01:14:32]}
{[%emt 00:12:16]} 13. Qd2 {[%clk 01:05:50]} {[%emt 00:03:46]} Qb6+ {[%clk
01:12:50]} {[%emt 00:02:11]} 14. Bf2 {[%clk 01:05:51]} {[%emt 00:00:28]} Nxf2
{[%clk 01:12:30]} {[%emt 00:00:52]} 15. Qxf2 {[%clk 01:06:06]} {[%emt
00:00:15]} Qxf2+ {[%clk 01:12:11]} {[%emt 00:00:48]} 16. Rxf2 {[%clk 01:06:29]}
{[%emt 00:00:07]} exf4 {[%clk 01:11:26]} {[%emt 00:01:15]} 17. Rxf4 {[%clk
01:06:52]} {[%emt 00:00:07]} Be6 {[%clk 01:10:05]} {[%emt 00:01:50]} 18. Bxe6
{[%clk 01:06:15]} {[%emt 00:01:07]} fxe6 {[%clk 01:10:26]} {[%emt 00:00:10]}
19. Rxf8+ {[%clk 01:04:16]} {[%emt 00:02:29]} Rxf8 {[%clk 01:10:45]} {[%emt
00:00:10]} 20. Ne2 {[%clk 01:04:18]} {[%emt 00:00:28]} Bf6 {[%clk 01:09:51]}
{[%emt 00:01:26]} 21. Rd1 {[%clk 01:04:03]} {[%emt 00:00:43]} d5 {[%clk
01:08:23]} {[%emt 00:02:00]} 22. exd5 {[%clk 01:04:10]} {[%emt 00:00:22]} cxd5
{[%clk 01:08:29]} {[%emt 00:00:24]} 23. c3 {[%clk 01:01:59]} {[%emt 00:02:41]}
a5 {[%clk 01:06:49]} {[%emt 00:02:10]} 24. Re1 {[%clk 01:01:17]} {[%emt
00:01:11]} e5 {[%clk 01:05:28]} {[%emt 00:01:52]} 25. Rd1 {[%clk 00:58:41]}
{[%emt 00:03:07]} Bg5 {[%clk 01:03:15]} {[%emt 00:02:42]} 26. Ng3 {[%clk
00:55:03]} {[%emt 00:04:07]} Be3+ {[%clk 01:01:43]} {[%emt 00:02:03]} 27. Kh1
{[%clk 00:55:19]} {[%emt 00:00:13]} Rf2 {[%clk 00:59:47]} {[%emt 00:02:26]} 28.
Rf1 {[%clk 00:53:12]} {[%emt 00:02:35]} Rxb2 {[%clk 00:58:26]} {[%emt
00:01:53]} 29. Nf5 {[%clk 00:53:02]} {[%emt 00:00:41]} Bf2 {[%clk 00:56:56]}
{[%emt 00:02:00]} 30. Ne7+ {[%clk 00:52:55]} {[%emt 00:00:38]} Kf8 {[%clk
00:57:09]} {[%emt 00:00:16]} 31. Nxd5 {[%clk 00:53:15]} {[%emt 00:00:10]} Ke8
{[%clk 00:56:26]} {[%emt 00:01:13]} 32. Rc1 {[%clk 00:52:05]} {[%emt 00:01:40]}
Kd7 {[%clk 00:53:27]} {[%emt 00:03:29]} 33. c4 {[%clk 00:51:05]} {[%emt
00:01:30]} Kd6 {[%clk 00:53:19]} {[%emt 00:00:39]} 34. Nc3 {[%clk 00:51:05]}
{[%emt 00:00:28]} Kc6 {[%clk 00:52:47]} {[%emt 00:01:04]} 35. a4 {[%clk
00:44:54]} {[%emt 00:06:40]} Be3 {[%clk 00:51:42]} {[%emt 00:01:35]} 36. Rd1
{[%clk 00:34:55]} {[%emt 00:10:29]} Rc2 {[%clk 00:48:45]} {[%emt 00:03:26]} 37.
Nd5 {[%clk 00:34:27]} {[%emt 00:00:59]} Bd4 {[%clk 00:46:53]} {[%emt 00:02:21]}
38. Ne7+ {[%clk 00:32:59]} {[%emt 00:01:57]} Kc5 {[%clk 00:46:32]} {[%emt
00:00:51]} 39. Rb1 {[%clk 00:30:17]} {[%emt 00:03:11]} Kxc4 {[%clk 00:45:13]}
{[%emt 00:01:50]} 40. Nc6 {[%clk 00:30:21]} {[%emt 00:00:26]} Kd5 {[%clk
00:44:40]} {[%emt 00:01:03]} 41. Nxa5 {[%clk 00:30:13]} {[%emt 00:00:40]} Ra2
{[%clk 00:44:30]} {[%emt 00:00:39]} 42. h4 {[%clk 00:25:08]} {[%emt 00:05:35]}
Rxa4 {[%clk 00:43:27]} {[%emt 00:01:32]} 43. Rb5+ {[%clk 00:25:22]} {[%emt
00:00:17]} Ke4 {[%clk 00:42:56]} {[%emt 00:01:00]} 44. Nb7 {[%clk 00:25:17]}
{[%emt 00:00:36]} Ra1+ {[%clk 00:40:50]} {[%emt 00:02:34]} 45. Kh2 {[%clk
00:25:07]} {[%emt 00:00:41]} Bg1+ {[%clk 00:39:15]} {[%emt 00:02:05]} 46. Kh3
{[%clk 00:25:18]} {[%emt 00:00:20]} Kf4 {[%clk 00:39:06]} {[%emt 00:00:38]} 47.
g3+ {[%clk 00:25:06]} {[%emt 00:00:44]} Kf5 {[%clk 00:36:54]} {[%emt 00:02:37]}
48. Nd6+ {[%clk 00:23:17]} {[%emt 00:02:23]} Ke6 {[%clk 00:37:06]} {[%emt
00:00:18]} 49. Nc4 {[%clk 00:22:46]} {[%emt 00:01:02]} Bd4 {[%clk 00:36:03]}
{[%emt 00:01:30]} 50. Kg4 {[%clk 00:22:36]} {[%emt 00:00:42]} Ra4 {[%clk
00:34:02]} {[%emt 00:02:30]} 51. Nxe5 {[%clk 00:19:17]} {[%emt 00:03:49]} Bxe5+
{[%clk 00:33:12]} {[%emt 00:01:21]} 0-1

[Event "DEM U12w 2023"]
[Site "Willingen GER"]
[Date "2023.05.28"]
[Round "2"]
[White "Eitel, Liz"]
[Black "Cao, Weiqi"]
[Result "0-1"]
[Termination "normal"]
[Board "17"]
[WhiteElo "971"]
[BlackElo "1315"]
[WhiteClock "01:11:01"]
[BlackClock "00:58:52"]
[PlyCount "116"]
[WhiteFideId "34622195"]
[BlackFideId "34630112"]
[EventCountry "GER"]
[EventRounds "9"]
[EventType "swiss"]
[EventDate "2023.05.27"]

1. e4 {[%clk 01:30:55]} {[%emt 00:00:05]} e6 {[%clk 01:30:55]} {[%emt
00:00:05]} 2. d4 {[%clk 01:31:17]} {[%emt 00:00:08]} d5 {[%clk 01:31:20]}
{[%emt 00:00:05]} 3. exd5 {[%clk 01:31:41]} {[%emt 00:00:06]} exd5 {[%clk
01:31:44]} {[%emt 00:00:05]} 4. Bd3 {[%clk 01:32:06]} {[%emt 00:00:05]} Bd6
{[%clk 01:32:07]} {[%emt 00:00:07]} 5. Nf3 {[%clk 01:32:26]} {[%emt 00:00:10]}
Ne7 {[%clk 01:32:25]} {[%emt 00:00:11]} 6. O-O {[%clk 01:32:50]} {[%emt
00:00:07]} O-O {[%clk 01:32:52]} {[%emt 00:00:03]} 7. Bg5 {[%clk 01:31:09]}
{[%emt 00:02:09]} h6 {[%clk 01:32:29]} {[%emt 00:00:54]} 8. Bxe7 {[%clk
01:31:22]} {[%emt 00:00:17]} Bxe7 {[%clk 01:31:55]} {[%emt 00:01:05]} 9. Re1
{[%clk 01:31:47]} {[%emt 00:00:06]} Nc6 {[%clk 01:30:01]} {[%emt 00:02:24]} 10.
c3 {[%clk 01:31:56]} {[%emt 00:00:21]} Re8 {[%clk 01:28:55]} {[%emt 00:01:35]}
11. Nbd2 {[%clk 01:32:08]} {[%emt 00:00:18]} Bf6 {[%clk 01:26:18]} {[%emt
00:03:06]} 12. Qc2 {[%clk 01:30:32]} {[%emt 00:02:07]} Be6 {[%clk 01:22:04]}
{[%emt 00:04:40]} 13. Bh7+ {[%clk 01:23:32]} {[%emt 00:07:34]} Kh8 {[%clk
01:22:04]} {[%emt 00:00:28]} 14. Bd3 {[%clk 01:21:28]} {[%emt 00:02:36]} Qd7
{[%clk 01:15:33]} {[%emt 00:06:58]} 15. Bf1 {[%clk 01:18:10]} {[%emt 00:03:50]}
Bf5 {[%clk 01:14:16]} {[%emt 00:01:44]} 16. Qd1 {[%clk 01:17:52]} {[%emt
00:00:52]} Rxe1 {[%clk 01:13:05]} {[%emt 00:01:41]} 17. Qxe1 {[%clk 01:15:33]}
{[%emt 00:02:49]} Re8 {[%clk 01:12:44]} {[%emt 00:00:51]} 18. Qd1 {[%clk
01:14:18]} {[%emt 00:01:45]} Bg4 {[%clk 01:11:28]} {[%emt 00:01:43]} 19. b3
{[%clk 01:13:10]} {[%emt 00:01:41]} Bg5 {[%clk 01:10:49]} {[%emt 00:01:07]} 20.
Be2 {[%clk 01:12:30]} {[%emt 00:01:12]} a6 {[%clk 01:08:00]} {[%emt 00:03:17]}
21. a4 {[%clk 01:11:36]} {[%emt 00:01:26]} Na5 {[%clk 01:06:39]} {[%emt
00:01:39]} 22. Ra2 {[%clk 01:11:00]} {[%emt 00:01:18]} Qe7 {[%clk 01:04:10]}
{[%emt 00:02:47]} 23. Nf1 {[%emt 00:11:23]} c6 {[%clk 00:57:13]} {[%emt
00:00:01]} 24. h3 {[%clk 01:06:54]} {[%emt 00:01:12]} Bxf3 {[%clk 00:55:06]}
{[%emt 00:02:46]} 25. Bxf3 {[%clk 01:07:18]} {[%emt 00:00:06]} Qe1 {[%clk
00:54:46]} {[%emt 00:00:47]} 26. Qxe1 {[%clk 01:06:57]} {[%emt 00:00:53]} Rxe1
{[%clk 00:54:59]} {[%emt 00:00:18]} 27. b4 {[%clk 01:07:21]} {[%emt 00:00:06]}
Nc4 {[%clk 00:54:56]} {[%emt 00:00:29]} 28. Rc2 {[%clk 01:06:47]} {[%emt
00:01:09]} Nd2 {[%clk 00:54:35]} {[%emt 00:00:50]} 29. Bg4 {[%clk 01:02:29]}
{[%emt 00:04:48]} Nxf1 {[%clk 00:54:02]} {[%emt 00:01:02]} 30. Rb2 {[%clk
01:01:50]} {[%emt 00:01:10]} Ne3+ {[%clk 00:53:25]} {[%emt 00:01:06]} 31. Kh2
{[%clk 01:02:04]} {[%emt 00:00:17]} Nxg4+ {[%clk 00:53:19]} {[%emt 00:00:36]}
32. hxg4 {[%clk 01:02:16]} {[%emt 00:00:18]} b5 {[%clk 00:52:36]} {[%emt
00:01:12]} 33. a5 {[%clk 01:02:26]} {[%emt 00:00:21]} Rc1 {[%clk 00:52:06]}
{[%emt 00:00:57]} 34. Rb3 {[%clk 01:02:47]} {[%emt 00:00:13]} Bd2 {[%clk
00:52:10]} {[%emt 00:00:22]} 35. Kh3 {[%clk 01:02:54]} {[%emt 00:00:25]} Rxc3+
{[%clk 00:52:23]} {[%emt 00:00:17]} 36. Rxc3 {[%clk 01:03:17]} {[%emt
00:00:07]} Bxc3 {[%clk 00:52:49]} {[%emt 00:00:05]} 37. Kh4 {[%clk 01:03:34]}
{[%emt 00:00:13]} Bxd4 {[%clk 00:53:09]} {[%emt 00:00:10]} 38. f3 {[%clk
01:03:57]} {[%emt 00:00:08]} Bc3 {[%clk 00:53:28]} {[%emt 00:00:10]} 39. Kg3
{[%clk 01:04:17]} {[%emt 00:00:10]} d4 {[%clk 00:53:47]} {[%emt 00:00:10]} 40.
Kf2 {[%clk 01:04:42]} {[%emt 00:00:05]} d3 {[%clk 00:54:06]} {[%emt 00:00:11]}
41. Ke3 {[%clk 01:04:51]} {[%emt 00:00:21]} d2 {[%clk 00:54:22]} {[%emt
00:00:14]} 42. Ke2 {[%clk 01:05:15]} {[%emt 00:00:06]} Bxb4 {[%clk 00:54:47]}
{[%emt 00:00:05]} 43. Kd1 {[%clk 01:05:41]} {[%emt 00:00:04]} c5 {[%clk
00:55:08]} {[%emt 00:00:09]} 44. f4 {[%clk 01:05:53]} {[%emt 00:00:19]} Bxa5
{[%clk 00:55:01]} {[%emt 00:00:37]} 45. f5 {[%clk 01:06:17]} {[%emt 00:00:06]}
g6 {[%clk 00:55:14]} {[%emt 00:00:17]} 46. fxg6 {[%clk 01:06:42]} {[%emt
00:00:05]} fxg6 {[%clk 00:55:37]} {[%emt 00:00:06]} 47. g5 {[%clk 01:07:04]}
{[%emt 00:00:09]} hxg5 {[%clk 00:55:45]} {[%emt 00:00:22]} 48. g4 {[%clk
01:07:28]} {[%emt 00:00:05]} Kg7 {[%clk 00:56:02]} {[%emt 00:00:13]} 49. Ke2
{[%clk 01:07:51]} {[%emt 00:00:07]} Kf6 {[%clk 00:56:22]} {[%emt 00:00:10]} 50.
Kd1 {[%clk 01:08:12]} {[%emt 00:00:09]} Ke5 {[%clk 00:56:41]} {[%emt 00:00:10]}
51. Ke2 {[%clk 01:08:38]} {[%emt 00:00:05]} Ke4 {[%clk 00:57:02]} {[%emt
00:00:10]} 52. Kd1 {[%clk 01:09:01]} {[%emt 00:00:07]} Ke3 {[%clk 00:57:25]}
{[%emt 00:00:06]} 53. Kc2 {[%clk 01:09:21]} {[%emt 00:00:10]} Ke2 {[%clk
00:57:51]} {[%emt 00:00:04]} 54. Kb3 {[%clk 01:09:46]} {[%emt 00:00:06]} d1=Q+
{[%clk 00:58:05]} {[%emt 00:00:16]} 55. Kb2 {[%clk 01:10:03]} {[%emt 00:00:13]}
b4 {[%clk 00:58:08]} {[%emt 00:00:25]} 56. Ka2 {[%clk 01:10:27]} {[%emt
00:00:08]} b3+ {[%clk 00:58:24]} {[%emt 00:00:13]} 57. Kb2 {[%clk 01:10:45]}
{[%emt 00:00:12]} Qc2+ {[%clk 00:58:29]} {[%emt 00:00:23]} 58. Ka3 {[%clk
01:11:01]} {[%emt 00:00:16]} Qa2# {[%clk 00:58:52]} {[%emt 00:00:07]} 0-1

[Event "DEM U12w 2023"]
[Site "Willingen GER"]
[Date "2023.05.28"]
[Round "2"]
[White "Myronova, Alisa"]
[Black "Borck, Elena"]
[Result "1-0"]
[Termination "normal"]
[Board "18"]
[WhiteElo "1314"]
[BlackElo "970"]
[WhiteClock "01:25:12"]
[BlackClock "01:24:35"]
[PlyCount "101"]
[WhiteFideId "34160671"]
[BlackFideId "16275446"]
[EventCountry "GER"]
[EventRounds "9"]
[EventType "swiss"]
[EventDate "2023.05.27"]

1. d4 {[%clk 01:30:56]} {[%emt 00:00:03]} d6 {[%clk 01:30:50]} {[%emt
00:00:11]} 2. c4 {[%clk 01:30:21]} {[%emt 00:01:05]} Nf6 {[%clk 01:30:52]}
{[%emt 00:00:28]} 3. Nc3 {[%clk 01:30:26]} {[%emt 00:00:25]} g6 {[%clk
01:30:30]} {[%emt 00:00:53]} 4. g3 {[%clk 01:29:56]} {[%emt 00:00:59]} Bg7
{[%clk 01:30:42]} {[%emt 00:00:19]} 5. Bg2 {[%clk 01:30:15]} {[%emt 00:00:12]}
O-O {[%clk 01:30:56]} {[%emt 00:00:16]} 6. Bf4 {[%clk 01:29:48]} {[%emt
00:00:55]} Bf5 {[%clk 01:30:36]} {[%emt 00:00:51]} 7. Bxb7 {[%clk 01:30:00]}
{[%emt 00:00:18]} Be4 {[%clk 01:30:37]} {[%emt 00:00:30]} 8. Nxe4 {[%clk
01:30:10]} {[%emt 00:00:20]} Nxe4 {[%clk 01:31:01]} {[%emt 00:00:06]} 9. Bxa8
{[%clk 01:29:51]} {[%emt 00:00:48]} c6 {[%clk 01:30:37]} {[%emt 00:00:55]} 10.
Qd3 {[%clk 01:28:22]} {[%emt 00:01:57]} d5 {[%clk 01:29:51]} {[%emt 00:01:18]}
11. Bxb8 {[%clk 01:27:08]} {[%emt 00:01:43]} Qxb8 {[%clk 01:30:10]} {[%emt
00:00:12]} 12. Bxc6 {[%clk 01:27:27]} {[%emt 00:00:10]} Qxb2 {[%clk 01:30:26]}
{[%emt 00:00:14]} 13. Rb1 {[%clk 01:25:42]} {[%emt 00:02:14]} Qxd4 {[%clk
01:27:07]} {[%emt 00:03:50]} 14. Qxd4 {[%clk 01:24:19]} {[%emt 00:01:53]} Bxd4
{[%clk 01:27:24]} {[%emt 00:00:13]} 15. Bxd5 {[%clk 01:19:34]} {[%emt
00:05:16]} Bxf2+ {[%clk 01:26:06]} {[%emt 00:01:47]} 16. Kf1 {[%clk 01:18:39]}
{[%emt 00:01:25]} Nd2+ {[%clk 01:26:18]} {[%emt 00:00:19]} 17. Kxf2 {[%clk
01:19:00]} {[%emt 00:00:08]} Nxb1 {[%clk 01:26:43]} {[%emt 00:00:06]} 18. Nf3
{[%clk 01:18:39]} {[%emt 00:00:48]} Nc3 {[%clk 01:27:03]} {[%emt 00:00:13]} 19.
a3 {[%clk 01:18:52]} {[%emt 00:00:18]} e6 {[%emt 00:04:26]} 20. Rc1 {[%clk
01:17:07]} Nxd5 {[%clk 01:24:30]} {[%emt 00:01:21]} 21. cxd5 {[%clk 01:17:20]}
{[%emt 00:00:17]} exd5 {[%clk 01:24:50]} {[%emt 00:00:11]} 22. Rd1 {[%clk
01:17:46]} {[%emt 00:00:04]} Rd8 {[%clk 01:25:01]} {[%emt 00:00:18]} 23. e4
{[%clk 01:18:07]} {[%emt 00:00:10]} d4 {[%clk 01:24:29]} {[%emt 00:01:02]} 24.
Rxd4 {[%clk 01:18:30]} {[%emt 00:00:06]} Rxd4 {[%clk 01:24:52]} {[%emt
00:00:07]} 25. Nxd4 {[%clk 01:18:56]} {[%emt 00:00:04]} f6 {[%clk 01:24:08]}
{[%emt 00:01:14]} 26. Nc6 {[%clk 01:19:11]} {[%emt 00:00:14]} a6 {[%clk
01:24:33]} {[%emt 00:00:07]} 27. Nb8 {[%clk 01:19:37]} {[%emt 00:00:04]} a5
{[%clk 01:24:49]} {[%emt 00:00:14]} 28. Nc6 {[%clk 01:20:01]} {[%emt 00:00:06]}
a4 {[%clk 01:25:13]} {[%emt 00:00:07]} 29. Na5 {[%clk 01:20:26]} {[%emt
00:00:04]} f5 {[%clk 01:25:30]} {[%emt 00:00:13]} 30. exf5 {[%clk 01:20:51]}
{[%emt 00:00:05]} gxf5 {[%clk 01:25:55]} {[%emt 00:00:06]} 31. Nc4 {[%clk
01:21:09]} {[%emt 00:00:11]} Kf7 {[%clk 01:25:34]} {[%emt 00:00:50]} 32. Nb6
{[%clk 01:21:35]} {[%emt 00:00:05]} Kf6 {[%clk 01:25:31]} {[%emt 00:00:33]} 33.
Nxa4 {[%clk 01:21:59]} {[%emt 00:00:05]} h5 {[%clk 01:25:06]} {[%emt 00:00:55]}
34. Nb6 {[%clk 01:22:21]} {[%emt 00:00:09]} Kg5 {[%clk 01:25:09]} {[%emt
00:00:27]} 35. a4 {[%clk 01:22:45]} {[%emt 00:00:05]} Kg4 {[%clk 01:25:18]}
{[%emt 00:00:20]} 36. Kg2 {[%clk 01:23:09]} {[%emt 00:00:06]} h4 {[%clk
01:25:30]} {[%emt 00:00:18]} 37. a5 {[%clk 01:23:26]} {[%emt 00:00:13]} h3+
{[%clk 01:25:28]} {[%emt 00:00:32]} 38. Kf2 {[%clk 01:23:49]} {[%emt 00:00:06]}
f4 {[%clk 01:24:19]} {[%emt 00:01:39]} 39. gxf4 {[%clk 01:24:12]} {[%emt
00:00:07]} Kxf4 {[%clk 01:24:46]} {[%emt 00:00:04]} 40. a6 {[%clk 01:24:31]}
{[%emt 00:00:11]} Ke5 {[%clk 01:24:58]} {[%emt 00:00:17]} 41. a7 {[%clk
01:24:54]} {[%emt 00:00:07]} Kd6 {[%clk 01:25:22]} {[%emt 00:00:06]} 42. a8=Q
{[%clk 01:25:13]} {[%emt 00:00:10]} Kc5 {[%clk 01:24:12]} {[%emt 00:01:42]} 43.
Qa5+ {[%clk 01:25:26]} {[%emt 00:00:16]} Kc6 {[%clk 01:24:09]} {[%emt
00:00:31]} 44. Ke3 {[%clk 01:25:45]} {[%emt 00:00:14]} Kc7 {[%clk 01:24:09]}
{[%emt 00:00:30]} 45. Kd4 {[%clk 01:26:06]} {[%emt 00:00:08]} Kc6 {[%clk
01:24:22]} {[%emt 00:00:18]} 46. Qc5+ {[%clk 01:25:54]} {[%emt 00:00:41]} Kb7
{[%clk 01:24:14]} {[%emt 00:00:40]} 47. Nd5 {[%clk 01:25:00]} {[%emt 00:01:22]}
Kb8 {[%clk 01:23:45]} {[%emt 00:01:00]} 48. Qe7 {[%clk 01:24:59]} {[%emt
00:00:28]} Ka8 {[%clk 01:24:05]} {[%emt 00:00:14]} 49. Kc5 {[%clk 01:25:10]}
{[%emt 00:00:17]} Kb8 {[%clk 01:24:22]} {[%emt 00:00:15]} 50. Kb6 {[%clk
01:25:27]} {[%emt 00:00:10]} Kc8 {[%clk 01:24:35]} {[%emt 00:00:20]} 51. Qc7#
{[%clk 01:25:12]} {[%emt 00:00:08]} 1-0